000 01362nam a2200349 a 4500
001 ebr10740176
003 CaPaEBR
006 m o u
007 cr cn|||||||||
008 130329s2013 enkad sb 001 0 eng d
010 _z 2013011906
020 _z9781409440680 (hardback : alk. paper)
020 _z9781409440697 (e-book)
040 _aCaPaEBR
_cCaPaEBR
035 _a(OCoLC)855022937
050 1 4 _aHV7921
_b.L43 2013eb
082 0 4 _a363.2068/4
_223
245 0 0 _aLeadership resilience
_h[electronic resource] :
_blessons for leaders from the policing frontline /
_cedited by Jonathan Smith and Ginger Charles.
260 _aFarnham, Surrey :
_bGower Pub. Ltd.,
_c2013.
300 _axvi, 212 p. :
_bill.
504 _aIncludes bibliographical references and index.
533 _aElectronic reproduction.
_bPalo Alto, Calif. :
_cebrary,
_d2013.
_nAvailable via World Wide Web.
_nAccess may be limited to ebrary affiliated libraries.
650 0 _aPolice.
650 0 _aLeadership.
650 0 _aPolice-community relations.
650 0 _aPolice
_xJob stress.
655 7 _aElectronic books.
_2local
700 1 _aSmith, Jonathan Ashley.
700 1 _aCharles, Ginger.
710 2 _aebrary, Inc.
856 4 0 _uhttp://site.ebrary.com/lib/rucke/Doc?id=10740176
_zAn electronic book accessible through the World Wide Web; click to view
999 _c149511
_d149511